Principles of communication engineering (Record no. 4835)

MARC details
000 -LEADER
fixed length control field 00422nam a22001697a 4500
005 - DATE AND TIME OF LATEST TRANSACTION
control field 20160630100740.0
008 - FIXED-LENGTH DATA ELEMENTS--GENERAL INFORMATION
fixed length control field 160630b xxu||||| |||| 00| 0 eng d
020 ## - INTERNATIONAL STANDARD BOOK NUMBER
ISBN 81-85749-11-6
041 ## - LANGUAGE CODE
Language code of text/sound track or separate title eng
082 ## - DEWEY DECIMAL CLASSIFICATION NUMBER
Item number 12955
100 ## - MAIN ENTRY--AUTHOR NAME
Personal name Gautam Dr. A.K
245 ## - TITLE STATEMENT
Title Principles of communication engineering
260 ## - PUBLICATION, DISTRIBUTION, ETC. (IMPRINT)
Name of publisher S.K. Kataria & Sons
Year of publication 2012
300 ## - PHYSICAL DESCRIPTION
Number of Pages 292
650 ## - SUBJECT ADDED ENTRY--TOPICAL TERM
Topical Term Diploma Engineering
942 ## - ADDED ENTRY ELEMENTS (KOHA)
Koha item type Books
Holdings
Lost status Damaged status Home library Date acquired Cost, normal purchase price Full call number Accession Number Koha item type Current library Shelving location
    JRU Library 30/06/2016 135.00 12955 12955 Books    
    JRU Library 30/06/2016 135.00 12955 12956 Books   SHELF-35-A
    JRU Library 30/06/2016 135.00 12955 12957 Books   SHELF-35-D
    JRU Library 30/06/2016 135.00 12955 12958 Books   SHELF-35-D
    JRU Library 30/06/2016 135.00 12955 12959 Books   SHELF-35-E
    JRU Library 30/06/2016 135.00 12955 12960 Books   SHELF-35-C
    JRU Library 30/06/2016 135.00 12955 12961 Books   SHELF-35-A
    JRU Library 30/06/2016 135.00 12955 12962 Books   SHELF-35-B
    JRU Library 30/06/2016 135.00 12955 12963 Books   SHELF-35-C
    JRU Library 30/06/2016 135.00 12955 12964 Books    
    JRU Library 30/06/2016 135.00 12955 12965 Books